000 00320nam a22001457a 4500
020 _a9781118092422
082 _a575.1 SNU/GE
100 _aSnustad, D.Peter
100 _aSimmons ,Michael J
245 _aGenetics
250 _a6th ed
260 _aSingapore
_bJohn Wiley & Sons
_c2012
300 _a766
942 _cBK
999 _c13827
_d13827